Statistiche per Elenca la formazione - Quiz n°100

Clicka qui per fare il quiz!

Statistiche generali

  • Questo quiz è stato fatto 31 volte
  • Il punteggio medio è 8 su 11

Statistiche sulle risposte

RuoloNazioneCalciator% Corretto
AttaccanteArgentinaMauro Icardi
100%
CentrocampistaColombiaFredy Guarín
96%
CentrocampistaCileGary Medel
82%
PortiereArgentinaJuan Pablo Carrizo
82%
TrequartistaCroaziaMateo Kovačić
82%
DifensoreItaliaAndrea Ranocchia
79%
AttaccanteArgentinaRodrigo Palacio
79%
DifensoreItaliaDavide Santon
64%
DifensoreBrasileJuan Jesus
57%
CentrocampistaBrasileHernanes
46%
DifensoreArgentinaHugo Campagnaro
43%

Distribuzione punteggi

Percentile per numero di risposta

Percentuale di utenti per punteggio

I tuoi punteggi nel tempo

Non hai fatto questo quiz